000 00456nam a22001817a 4500
003 MPLRDC
005 20220104144244.0
008 210129b ||||| |||| 00| 0 eng d
020 _a986-7806-03-4
082 _a857.7 MK
100 _a米卡
245 _a发生在星期二的两亿爱情
_c
250 _a一版一刷
260 _a
_b高富国际文化股份有限公司
_c2002
300 _b
650 _a长篇小说
942 _cBK
_o857.7 MK
999 _c47870
_d47860